Statistics for Tainted Love - Soft Cell - All Lyrics

Click here to take the quiz!

General Stats

  • This quiz has been taken 21 times
  • The average score is 202 of 228

Answer Stats

Answer% Correct
a
100%
go
100%
I
100%
(I
100%
love
100%
love,
100%
me
100%
me,
100%
oh
100%
oh,
100%
so
100%
tainted
100%
Tainted
100%
To
100%
to
100%
you,
100%
You
100%
you
100%
and
95%
And
95%
away
95%
cannot
95%
from
95%
get
95%
got
95%
I've
95%
run
95%
The
95%
the
95%
all
89%
give
89%
my
89%
Now,
89%
of
89%
Take
89%
that
89%
This
89%
way
89%
you've
89%
boy
84%
But
84%
can't
84%
could
84%
don't
84%
Don't
84%
I'll
84%
know
84%
not
84%
ran)
84%
ran
84%
share
84%
that's
84%
we
84%
feel
79%
given
79%
Once
79%
please
79%
tears
79%
tease
79%
at
74%
hurt
74%
night
74%
nowhere
74%
pain
74%
really
74%
seems
74%
sleep
74%
Sometimes
74%
sorry,
74%
stand
74%
things
74%
touch
74%
Touch
74%
drive
68%
heart
68%
I'm
68%
need
68%
pray
68%
turn,
68%
baby,
63%
into
63%
think
63%
though
63%
toss
63%
want
63%
gonna
58%
hold
58%
lost
58%
make
58%
nearly
58%
pack
58%
right
58%
tight
58%
for
53%
is
53%
more
53%
any
47%
someone
47%
light
42%

Score Distribution

Percentile by Number Answered

Percent of People with Each Score

Your Score History

You have not taken this quiz